Normal view
MARC view
- Women in development-Developing countries
Entry Topical Term
001 - CONTROL NUMBER
- control field: 2317
003 - CONTROL NUMBER IDENTIFIER
- control field: JO-AjAnu
005 - DATE AND TIME OF LATEST TRANSACTION
- control field: 20230606070702.0
008 - FIXED-LENGTH DATA ELEMENTS
- fixed length control field: 230606|| aca||aabn | a|a d
040 ## - CATALOGING SOURCE
- Original cataloging agency: JO-AjAnu
- Transcribing agency: JO-AjAnu
150 ## - HEADING--TOPICAL TERM
- Topical term or geographic name entry element: Women in development-Developing countries
670 ## - SOURCE DATA FOUND
- Source citation: Work cat.: (JO-AjAnu)1211: Carr,Marily / Maria Hartl, author 2316, Lightening the load : labour-saving technologies and practices for rural women